Multimedia technology and applications / (Record no. 30636)

MARC details
000 -LEADER
fixed length control field 01050nam a22002417a 4500
005 - DATE AND TIME OF LATEST TRANSACTION
control field 20090924103748.0
008 - FIXED-LENGTH DATA ELEMENTS--GENERAL INFORMATION
fixed length control field 090518t xxu||||| |||| 00| 0 eng d
010 ## - LCCN (DPL NO)
LC control number B-358743
020 ## - INTERNATIONAL STANDARD BOOK NUMBER
Terms of availability 120.00
035 ## - SYSTEM CONTROL NUMBER
System control number B-358743
037 ## - SOURCE OF ACQUISITION
Source of stock number/acquisition Galgotia Publications
040 ## - CATALOGING SOURCE
Original cataloging agency dpl
Language of cataloging English
082 ## - DEWEY DECIMAL CLASSIFICATION NUMBER
Classification number 006.6
100 ## - MAIN ENTRY--PERSONAL NAME
Personal name Hillman, David
245 ## - TITLE STATEMENT
Title Multimedia technology and applications /
Statement of responsibility, etc by David Hillman
260 ## - PUBLICATION, DISTRIBUTION, ETC. (IMPRINT)
Place of publication, distribution, etc New Delhi
Name of publisher, distributor, etc Galgotia Publications
Date of publication, distribution, etc 2009(repr.)
270 ## - ADDRESS
Address 5, Ansari Road, Darya Ganj
City New Delhi
State or province Delhi
Postal code 110002
300 ## - PHYSICAL DESCRIPTION
Extent xiv, 274p.
Dimensions 25cm. (pbk)
500 ## - GENERAL NOTE
General note Includes glossary & index
942 ## - ADDED ENTRY ELEMENTS (KOHA)
Institution code [OBSOLETE] dpl
Item type English Books
Source of classification or shelving scheme Dewey Decimal Classification
Classification part 006.6
Call number suffix HIL
Holdings
Withdrawn status Lost status Source of classification or shelving scheme Damaged status Not for loan Collection code Home library Current library Date acquired Source of acquisition Cost, normal purchase price Total Checkouts Total Renewals Full call number Barcode Date last seen Copy number Cost, replacement price Koha item type
    Dewey Decimal Classification     Non-fiction Janak Puri Janak Puri 24/09/2009 Galgotia/0001061/15.9.09/95/4.9.09/19.9.09 120.00 28 6 006.6 HIL B-358743 01/06/2018 1 120.00 English Books

© Delhi Public Library
Hit Counter
free hit counter